আন্তৰ্জাতিক অৰ্থবিজ্ঞান​ (Record no. 16402)

MARC details
000 -LEADER
fixed length control field 00542nam a22001937a 4500
008 - FIXED-LENGTH DATA ELEMENTS--GENERAL INFORMATION
fixed length control field 260422b |||||||| |||| 00| 0 eng d
020 ## - INTERNATIONAL STANDARD BOOK NUMBER
International Standard Book Number 9789391883317
Price 250.00
040 ## - CATALOGING SOURCE
Original Cataloguing agency Sibsagar Commerce College Central Library
041 ## - LANGUAGE CODE
Language code of text/sound track or separate title Assamese
082 ## - DEWEY DECIMAL CLASSIFICATION NUMBER
Classification number 337
Book Number AHM.
100 ## - MAIN ENTRY--PERSONAL NAME
Personal name Ahmed, Rofique.
Dates associated with a name Saikia, Debojit.
245 ## - TITLE STATEMENT
Title আন্তৰ্জাতিক অৰ্থবিজ্ঞান​
Statement of responsibility, etc. By Rafique Ahmed
250 ## - EDITION STATEMENT
Edition statement 1st ed.
260 ## - PUBLICATION, DISTRIBUTION, ETC.
Place of publication, distribution, etc. Jorhat:
Name of publisher, distributor, etc. Unika Prakashan;
Date of publication, distribution, etc. 2026
300 ## - PHYSICAL DESCRIPTION
Pages 224p.
650 ## - Subject
Subject Economics
942 ## - ADDED ENTRY ELEMENTS (KOHA)
Source of classification or shelving scheme Dewey Decimal Classification
Koha item type Books
Holdings
Withdrawn status Lost status Source of classification or shelving scheme Damaged status Not for loan Collection code Home library Current library Shelving location Date acquired Source of acquisition Total Checkouts Full call number Barcode Date last seen Copy number Cost, replacement price Price effective from Koha item type
    Dewey Decimal Classification     Economics Sibsagar Commerce College Central Library Sibsagar Commerce College Central Library General Stacks 22/04/2026 Kitap Ghar   337 AHM. 29279 22/04/2026 1 500.00 22/04/2026 Books
    Dewey Decimal Classification     Economics Sibsagar Commerce College Central Library Sibsagar Commerce College Central Library General Stacks 22/04/2026 Kitap Ghar   337 AHM. 29280 22/04/2026 2 500.00 22/04/2026 Books
    Dewey Decimal Classification     Economics Sibsagar Commerce College Central Library Sibsagar Commerce College Central Library General Stacks 22/04/2026 Kitap Ghar   337 AHM. 29281 22/04/2026 3 500.00 22/04/2026 Books
    Dewey Decimal Classification     Economics Sibsagar Commerce College Central Library Sibsagar Commerce College Central Library General Stacks 22/04/2026 Kitap Ghar   337 AHM. 29282 22/04/2026 4 500.00 22/04/2026 Books


Sibsagar Commerce College © 2020. All rights reserved.
Powered by Koha.
Hosted by LIBKART.